MDQL
is popping MORE tags! Check the
thread
!
Quizzes
Events
Quiz Creation
Community
Videos
Private Events
Remove Ads
Sign In
Join for FREE
Feedback
Dark Mode
Quiz Categories
Sports
Geography
Music
Movies
Television
Just For Fun
Miscellaneous
History
Literature
Language
Science
Gaming
Entertainment
Religion
Holiday
For Kids
Quiz Lab
Recent
Popular Today
Quiz Kudos Today
Editor Picks
Curator Picks
Quizzes by...
Day
Popularity
Type
Ratings
Length
Year
Community
Subscriptions
Recent Discussions
Orange Saloon
Badges
Playlists
Quests
Create
Leaderboards
Showdown
Live 5
Trivia Bingo
Activity
Puzzle Library
Sporcle Events
Private Events
Virtual Trivia
Globe League
Become a Host
Pub Owners
SporcleCon
Opinionation
Our Games
Videos
Blog
Mobile Apps
Partnerships
Remove Ads and Go Orange
Feedback
Sports
Athletes
MLB
NBA
NHL
NFL
Soccer
Sports Teams
WWE
NCAA
Football
Premier League
Basketball
Baseball
Hockey
Golf
Tennis
Cricket
Rugby
Auto Racing
Olympics
World Cup
Sports
Athletes
MLB
NBA
NHL
NFL
Soccer
Sports Teams
WWE
NCAA
Football
Premier League
Basketball
Baseball
Hockey
Golf
Tennis
Cricket
Rugby
Auto Racing
Olympics
World Cup
Random Quiz
Search Sporcle
×
Quiz Lab
Quiz Lab
Sports
Europe
Type in answers that appear in a list
Type in answers that appear in a list
Classic
Best Score? Go Orange.
Biggest Flops in England Since 2005 Stats
Can you name the Biggest Flops in England Since 2005?
By
libertadoresfc
10m
30 Questions
67 Plays
67 Plays
67 Plays
Comments
Comments
Give Quiz Kudos
Give Quiz Kudos
-
- Ratings
hide this ad
Replay
Link that replays current quiz
Next Quiz
Link to next quiz in quiz playlist
You Got
0%
They Got
Avg Score
18%
Avg Friend Score
Upgrade to see
Score Distribution
Jump to the score distribution portion of the page
Score
0/30
Timer
10:00
0
Plays Today
Club
Player
% Correct
Chelsea
Fernando Torres
73.1%
Chelsea
Andriy Shevchenko
47.8%
Tottenham Hotspur
Roberto Soldado
37.3%
Manchester United
Radamel Falcao
34.3%
Manchester City
Jo
32.8%
Liverpool
Mario Balotelli
28.4%
Manchester United
Marouane Fellaini
28.4%
Tottenham Hotspur
Erik Lamela
26.9%
Newcastle
Michael Owen
26.9%
Manchester United
Bebe
25.4%
Manchester United
Diego Forlan
23.9%
Liverpool
Alberto Aquilani
20.9%
Manchester United
Angel Di Maria
19.4%
Liverpool
Stewart Downing
17.9%
Southampton
Dani Osvaldo
17.9%
Club
Player
% Correct
Aston Villa
Carlos Sanchez
13.4%
Sunderland
Jozy Altidore
13.4%
Manchester City
Eliaquim Mangala
13.4%
Tottenham Hotspur
Paulinho
11.9%
Chelsea
Claudio Pizarro
10.4%
Fulham
Kostas Mitroglou
10.4%
Newcastle
Xisco
7.5%
Arsenal
Andre Santos
4.5%
Sunderland
Ignacio Scocco
3%
Newcastle
Albert Luque
3%
Arsenal
Gervinho
3%
Chelsea
Juan Guillermo Cuadrado
1.5%
Manchester City
Felipe Caicedo
1.5%
Everton
Denis Stracquarlursi
1.5%
Manchester City
Georgios Samaras
0%
Quiz Playlist
Details
Report
Send in Message
Add To Playlist
Classic:
Type in answers that appear in a list
Last Updated: Feb 16, 2017
Quiz Scoreboard
CHALLENGE
Sign Up to Join the Scoreboard
Show All
Scores
Hide
Comments
May contain spoilers
Recently Published
Holiday 10x10 Sorting Gallery
by lukepisani3
Holiday
15m
Two Season TV Shows II
by 123Four
Television
10m
Image Sorting: Flags VI
by Barbecue
Geography
2m
More to Explore
Quiz From the Vault
Featured Blog Post
14 Easter Pick-up Lines to Find Eggs With
hide this ad
You Might Also Like...
Tags
Europe Quiz
2005
biggest
club
England
flop
Player
Today's Top Quizzes in Sports
Browse Sports
hide this ad
Today's Top Quizzes in Europe
Browse Europe
Top Contributed Quizzes in Sports
1
Les meilleurs buteurs des matchs entre le PSG et l’OM
2
Les entraîneurs de l'OM et du PSG au 21e siècle
3
2022 World Cup Stars
4
Les joueurs passés par le PSG et l'OM
5
Players with Multiple 50 Home Run Seasons
6
FIFA Club World Cup Champions
7
Top 10 NHL Goal Scorers of All Time
8
Les joueurs passés par le LOSC et le RC Lens
9
Criteria MLB: Left Handed Sluggers
10
2023 MLB Unique Player Accomplishments
Explore More
Trending Topics
Kpop
Anime
NBA
Crossword
Marvel
Harry Potter
Disney
WWE
Puzzle
NFL
The Office
Song
Pokémon
Soccer
Country
hide this ad
More By:
libertadoresfc
Quiz
Plays
Rating
Category
Featured
Created
Biggest Flops in England Since 2005
67
1.25
Sports
Dec 3, 2015
South American Players to Europe
36
1.00
Sports
Nov 30, 2015
Lib's Favourite Players
17
1.00
Sports
Nov 30, 2015
Lib's Favourite Clubs by Country
10
1.00
Sports
Feb 21, 2016
Lib's Favourite Ever Libertadores matches since 2013
2
1.00
Sports
Feb 23, 2016
Go to Creator's Profile
Score Distribution
Quiz Creator Spotlight
libertadoresfc
Follow
Send a Message
Quizzes Created
-
Created Quiz Play Count
-
More By This Creator
Popular Quizzes Today
1
Find the US States - No Outlines Minefield
2
Colored Red Africa Blitz
3
Find the 'City' Movie
4
The Countries of the World
5
5x2 Blitz: Bands
6
Find the US States
7
Find the Countries of Europe - No Outlines Minefield
8
US States
More Sports Quizzes
2021 NFL Draft (1st Round)
Quiz Lab
Trending Quizzes
Colored Red Europe Blitz I
Colored Red Europe Blitz II
Colored Red Africa Blitz II
Colored Red Europe Blitz III
Colored Red Africa Blitz III
Recently Updated
Odd Team Out - Big 4 Players
pecheneg
Quick Pick: 20 Twenties
pecheneg
March Madness Men's Triple Doubles
pecheneg
How Do You Spell That?
pecheneg
Godzilla Movies
pecheneg
Grab Bag: 4-10 Letters
pecheneg
2024 March Madness Bracket
pecheneg
Famous TV Couples
Peacemaker
Champions League XIs: Real Madrid
pecheneg
Largest US Cities 1790-2010
pecheneg
Trending Topics
Crossword
Anime
Marvel
Disney
Harry Potter
Kpop
NBA
Song
Country
WWE
Soccer
Pokémon
NFL
Puzzle
The Office
Your Account Isn't Verified!
In order to create a playlist on Sporcle, you need to verify the email address you used during registration. Go to your
Sporcle Settings
to finish the process.
Report this User
Report this user for behavior that violates our
Community Guidelines
.
Details:
Send Report
Go to the Sporcle.com Mobile Site →
Comments